000 00782nam a2200277 a 4500
001 BRL_107
005 20190320210607.0
008 900615s1985 mx-a######---#000-0#spa-#
020 _a9681619072
040 _aDLC
_cDLC
_dDLC
041 _aspa
044 _amx
050 4 _aTR654
_b.Y36 1985
100 1 _aYampolsky, Mariana
_922931
245 1 0 _aLa raíz y el camino
_cMariana Yampolsky ; presentación Elena Poniatowska.
260 _aMéxico
_bFCE
_c1985
300 _a67 p.
_bil.
_c28 cm.
440 0 _aColección Río de luz
_95337
500 _aIncluye índice de ilustraciones
500 _aAu147
650 1 4 _aFotografía artística
_92547
651 4 _aMéxico
_xObras pictóricas
_922643
700 1 _aPoniatowska, Elena
_94996
902 _aGRL
942 _2lcc
_cB
999 _c8920
_d8920